| 000 | 00483nam a2200169 i 4500 | ||
|---|---|---|---|
| 001 | 146777 | ||
| 003 | ES-MaACL | ||
| 005 | 20250726063035.0 | ||
| 007 | t| | ||
| 008 | 070917s1967 sp ||||1| spa d | ||
| 100 | 1 |
_aTrueba, Antonio de, _d1819-1889 _9111545 |
|
| 245 | 1 | 0 |
_aPáginas de euskalerriz / _cAntonio de Trueba. |
| 260 |
_aBilbao : _bVillar, _c[1967] |
||
| 300 |
_a193 p. : _bil. ; _c17 cm. |
||
| 852 |
_aES-MaACL _jC-32690 _bR.63490 |
||
| 999 |
_c146777 _d146777 |
||